[Event "Bundesliga 2017-18"]
[Site "Solingen GER"]
[Date "2017.10.21"]
[Round "1.4"]
[Board "3"]
[White "Fedorovsky, Michael"]
[Black "Bindrich, Falko"]
[Result "1-0"]
[WhiteTitle "IM"]
[BlackTitle "GM"]
[WhiteElo "2478"]
[BlackElo "2598"]
[WhiteTeam "FC Bayern Muenchen"]
[BlackTeam "DJK Aufwaerts Aachen"]
[WhiteFideId "14105454"]
[BlackFideId "4676670"]
[EventDate "2017.10.21"]
[EventType "team"]

1. d4 Nf6 2. c4 e6 3. Nc3 Bb4 4. f3 c5 5. d5 b5 6. e4 O-O 7. Nh3 d6 8. Nf4 e5 9.
Ne2 Nh5 10. g4 Qh4+ 11. Kd2 Nf4 12. Nxf4 exf4 13. Kc2 Bxc3 14. bxc3 bxc4 15.
Bxf4 Qf6 16. Qd2 Ba6 17. Bg3 Qxf3 18. Bg2 Qd3+ 19. Kc1 Nd7 20. Bxd6 Rfe8 21. Re1
Ne5 22. Re3 Qxd2+ 23. Kxd2 Nxg4 24. Re2 Ne5 25. Bxc5 Nd3 26. Bd6 Rad8 27. Bg3 f6
28. Rb1 Kf7 29. Bh3 Ne5 30. Ke3 h5 31. Be6+ Rxe6 32. dxe6+ Kxe6 33. Rd2 Nd3 34.
Rb4 h4 35. Rb8 Rd7 36. Bxh4 Bb7 37. Bg3 Kf7 38. e5 fxe5 39. Bh4 Kg6 40. Rd1 Rf7
41. Rg1+ Kh7 42. Bg3 Bc6 43. Rc8 Bd5 44. Rd8 Bc6 45. Rc8 Bd5 46. Re8 Bc6 47. Re6
Bd5 48. Ra6 g5 49. Ra5 Rd7 50. Bxe5 Nxe5 51. Rxg5 Re7 52. Rxd5 Nf7+ 53. Kd4 Nxg5
54. Rxg5 Re2 55. a4 Rxh2 56. Kxc4 Rh4+ 57. Kb5 a6+ 58. Kxa6 Rxa4+ 59. Kb5 Ra8
60. c4 Kh6 61. Rg1 Rb8+ 62. Kc6 Rc8+ 63. Kd5 Rd8+ 64. Ke6 Rc8 65. Rc1 Rc6+ 66.
Kd7 Rg6 67. c5 Rg7+ 1-0

[Event "Bundesliga 2017-18"]
[Site "Solingen GER"]
[Date "2017.10.21"]
[Round "1.4"]
[Board "5"]
[White "Schenk, Andreas"]
[Black "Zaragatski, Ilja"]
[Result "0-1"]
[WhiteTitle "IM"]
[BlackTitle "GM"]
[WhiteElo "2435"]
[BlackElo "2495"]
[WhiteTeam "FC Bayern Muenchen"]
[BlackTeam "DJK Aufwaerts Aachen"]
[WhiteFideId "4644891"]
[BlackFideId "4655192"]
[EventDate "2017.10.21"]
[EventType "team"]

1. d4 Nf6 2. Nf3 c5 3. d5 b5 4. c4 Bb7 5. Nbd2 bxc4 6. e4 e6 7. dxe6 dxe6 8. e5
Nd5 9. Nxc4 Be7 10. Be2 O-O 11. O-O Nc6 12. Bd2 Qc7 13. Rc1 Rfd8 14. Qc2 Rac8
15. Rfe1 Nb6 16. h3 Nxc4 17. Bxc4 Nb4 18. Qc3 Bxf3 19. gxf3 Rd4 20. a3 Nd5 21.
Bxd5 Rxd5 22. Re4 Qb7 23. Kg2 Rcd8 24. Be3 h6 25. Rc2 Rd3 26. Qc4 R8d5 27. b4
Rxa3 28. bxc5 Qc6 29. Rc1 Bg5 30. Bxg5 hxg5 31. Qb4 Rdd3 32. Qb8+ Kh7 33. Qb1 g6
34. Rcc4 Rxf3 35. Qd1 Rf5 36. Qd6 Qb7 37. Rb4 Qd5 38. Qxd5 exd5 39. Re2 Rc3 0-1

[Event "Bundesliga 2017-18"]
[Site "Dresden GER"]
[Date "2017.10.21"]
[Round "1.7"]
[Board "7"]
[White "Rogozenco, Dorian"]
[Black "Maiwald, Jens-Uwe"]
[Result "1-0"]
[WhiteTitle "GM"]
[BlackTitle "GM"]
[WhiteElo "2472"]
[BlackElo "2452"]
[WhiteTeam "Hamburger SK"]
[BlackTeam "USV TU Dresden"]
[WhiteFideId "1210319"]
[BlackFideId "4612396"]
[EventDate "2017.10.21"]
[EventType "team"]

1. d4 d6 2. Nf3 g6 3. c4 Bg7 4. Nc3 Nf6 5. g3 O-O 6. Bg2 c6 7. O-O Qa5 8. e4 e5
9. h3 Nbd7 10. Re1 exd4 11. Nxd4 Re8 12. Be3 Ne5 13. Qe2 Be6 14. Nxe6 fxe6 15.
a3 a6 16. b4 Qc7 17. Rac1 Nf7 18. Qa2 Kh8 19. Red1 Qe7 20. Qb3 Nd7 21. c5 dxc5
22. bxc5 Nxc5 23. Qb6 Nd7 24. Qxb7 Nfe5 25. f4 Reb8 26. Qc7 Rc8 27. Qd6 Qxd6 28.
Rxd6 Nc4 29. Rxd7 Nxe3 30. e5 Rab8 31. Ne4 Rb2 32. Bf3 Nf5 33. Ng5 Nxg3 34. Nxe6
Bh6 35. Rxc6 Rcb8 36. Rdc7 Kg8 37. Rc8+ Rxc8 38. Rxc8+ Kf7 39. Bd5 Ne2+ 40. Kf1
Ng3+ 41. Ke1 1-0

[Event "Bundesliga 2017-18"]
[Site "Dresden GER"]
[Date "2017.10.21"]
[Round "1.8"]
[Board "6"]
[White "Baldauf, Marco"]
[Black "Powierski, Emil"]
[Result "1-0"]
[WhiteTitle "IM"]
[WhiteElo "2483"]
[BlackElo "2334"]
[WhiteTeam "SF Berlin 1903"]
[BlackTeam "SK Norderstedt 1975"]
[WhiteFideId "4688210"]
[BlackFideId "4656199"]
[EventDate "2017.10.21"]
[EventType "team"]

1. d4 Nf6 2. c4 e6 3. Nc3 Bb4 4. f3 c5 5. d5 O-O 6. e4 d6 7. Ne2 a6 8. Ng3 b5 9.
Bf4 exd5 10. cxd5 c4 11. a4 Ba5 12. Be2 Qb6 13. Qd2 Nbd7 14. Nf5 Nc5 15. Ne7+
Kh8 16. Rd1 Nb3 17. Qe3 Qc7 18. Nc6 Nh5 19. Nxa5 Nxf4 20. Qxf4 Nxa5 21. axb5 Rb8
22. bxa6 Rxb2 23. a7 Ba6 24. O-O Nb3 25. Qe3 Ra8 26. e5 Qxa7 27. Qxa7 Rxa7 28.
exd6 Rd7 29. Rfe1 g6 30. Bf1 Kg7 31. Re4 Rd2 32. Bxc4 Rxd1+ 33. Nxd1 Bxc4 34.
Rxc4 Rxd6 35. Nc3 Rd7 36. Kf2 Na5 37. Ra4 Rc7 38. Ne4 Rc2+ 39. Ke3 Nc4+ 40. Kd3
Nb2+ 41. Kxc2 Nxa4 42. Kd3 f5 43. Nc3 Nb6 44. Kd4 Kf6 45. Kc5 Nd7+ 46. Kd6 Ne5
47. Nb5 g5 48. Kc7 f4 49. Nd4 Nf7 50. d6 h5 51. d7 1-0

[Event "Bundesliga 2017-18"]
[Site "Baden Baden GER"]
[Date "2017.10.22"]
[Round "2.1"]
[Board "5"]
[White "Farmani Anosheh, Armin"]
[Black "Cornette, Matthieu"]
[Result "0-1"]
[WhiteTitle "FM"]
[BlackTitle "GM"]
[WhiteElo "2321"]
[BlackElo "2602"]
[WhiteTeam "SG Speyer-Schwegenheim"]
[BlackTeam "SK Schwaebisch Hall"]
[WhiteFideId "24613240"]
[BlackFideId "620084"]
[EventDate "2017.10.21"]
[EventType "team"]

1. d4 e6 2. c4 b6 3. e4 Bb7 4. Nc3 Bb4 5. f3 f5 6. exf5 Nh6 7. fxe6 Nf5 8. Bf4
dxe6 9. Qa4+ Nc6 10. O-O-O Nxd4 11. Nb5 O-O 12. Bxc7 Qg5+ 13. f4 Qe7 14. Nxd4
Qxc7 15. Nxc6 Qxf4+ 16. Kb1 Qxf1 17. Rxf1 Rxf1+ 18. Kc2 Bc5 19. b4 Bxg1 20. b5
Rf2+ 21. Kb1 Rf1+ 22. Kc2 a6 23. Qb3 Raf8 24. Qd3 axb5 25. cxb5 Kh8 26. Kb3 e5
27. h4 Bc8 28. Qd5 Rb1+ 29. Kc2 Bf5+ 30. Kd2 e4 0-1

[Event "Bundesliga 2017-18"]
[Site "Baden Baden GER"]
[Date "2017.10.22"]
[Round "2.2"]
[Board "3"]
[White "Svidler, Peter"]
[Black "Meier, Georg"]
[Result "1-0"]
[WhiteTitle "GM"]
[BlackTitle "GM"]
[WhiteElo "2760"]
[BlackElo "2655"]
[WhiteTeam "OSG Baden-Baden"]
[BlackTeam "SF Deizisau"]
[WhiteFideId "4102142"]
[BlackFideId "4675789"]
[EventDate "2017.10.21"]
[EventType "team"]

1. Nf3 d5 2. c4 e6 3. e3 Nf6 4. b3 c5 5. Bb2 Nc6 6. cxd5 exd5 7. Bb5 Bd6 8. O-O
Bg4 9. h3 Bh5 10. Bxf6 Qxf6 11. Nc3 Qe6 12. Be2 O-O 13. Rc1 Rad8 14. Ng5 Qh6 15.
Bxh5 Qxg5 16. f4 Qf5 17. Bg4 Qd3 18. Qe2 Qxe2 19. Bxe2 d4 20. Ne4 dxe3 21. dxe3
b6 22. Bb5 Nb8 23. Kf2 Be7 24. g4 h6 25. Kf3 Rd5 26. Rfd1 Rxd1 27. Rxd1 Rc8 28.
a4 Kf8 29. Nc3 Bf6 30. Nd5 Bb2 31. h4 Nc6 32. Rd2 Bc1 33. Rd1 Bb2 34. Rd2 Bc1
35. Rd3 Nb4 36. Nxb4 cxb4 37. Bc4 Ke7 38. g5 hxg5 39. hxg5 f6 40. Rd1 Bb2 41.
gxf6+ gxf6 42. Kg4 a5 43. e4 Rd8 44. Rh1 Rd2 45. Rh7+ Kd8 46. Rb7 Bd4 47. Kf5
Be3 48. Kxf6 Bxf4 49. e5 Rf2 50. Ba6 Kc8 51. e6 Bd6+ 52. Kg6 Rg2+ 53. Kf5 Rf2+
54. Ke4 Re2+ 55. Kd5 Rd2+ 56. Kc6 1-0

[Event "Bundesliga 2017-18"]
[Site "Solingen GER"]
[Date "2017.10.22"]
[Round "2.3"]
[Board "3"]
[White "Bindrich, Falko"]
[Black "Bromberger, Stefan"]
[Result "1-0"]
[WhiteTitle "GM"]
[BlackTitle "GM"]
[WhiteElo "2598"]
[BlackElo "2505"]
[WhiteTeam "DJK Aufwaerts Aachen"]
[BlackTeam "MSA Zugzwang 82"]
[WhiteFideId "4676670"]
[BlackFideId "4635248"]
[EventDate "2017.10.21"]
[EventType "team"]

1. d4 Nf6 2. c4 e6 3. Nc3 Bb4 4. Qc2 d5 5. a3 Bxc3+ 6. Qxc3 O-O 7. Bg5 h6 8.
Bxf6 Qxf6 9. Nf3 dxc4 10. Qxc4 Nc6 11. Rd1 Re8 12. Qc3 Qg6 13. g3 Qe4 14. Bg2 e5
15. dxe5 Nxe5 16. O-O Nc6 17. Rd2 Qe7 18. b4 Bg4 19. h3 Bf5 20. b5 Nd8 21. Nd4
Bg6 22. Rc1 a6 23. a4 axb5 24. axb5 Rc8 25. b6 c6 26. Nb5 Ra8 27. Nc7 Ra3 28.
Qb2 Rf8 29. Rcd1 Ra4 30. Rd7 Qb4 31. Qxb4 Rxb4 32. Rxd8 Rxb6 33. e4 Rb4 34. f4 1-0

[Event "Bundesliga 2017-18"]
[Site "Solingen GER"]
[Date "2017.10.22"]
[Round "2.4"]
[Board "5"]
[White "L'Ami, Erwin"]
[Black "Schenk, Andreas"]
[Result "1-0"]
[WhiteTitle "GM"]
[BlackTitle "IM"]
[WhiteElo "2611"]
[BlackElo "2435"]
[WhiteTeam "SG Solingen"]
[BlackTeam "FC Bayern Muenchen"]
[WhiteFideId "1007998"]
[BlackFideId "4644891"]
[EventDate "2017.10.21"]
[EventType "team"]

1. d4 Nf6 2. c4 e6 3. Nc3 Bb4 4. e3 O-O 5. Bd3 c5 6. Ne2 d5 7. a3 cxd4 8. exd4
dxc4 9. Bxh7+ Nxh7 10. axb4 Nc6 11. b5 Ne7 12. O-O a6 13. bxa6 Rxa6 14. Rxa6
bxa6 15. Qa4 Bb7 16. Qxc4 Qd7 17. Rd1 Rc8 18. Qd3 Qc6 19. f3 Nf6 20. Bg5 Ned5
21. Bxf6 Nxf6 22. Qe3 Qb6 23. Rd2 Rc4 24. Qf2 a5 25. h3 a4 26. Nd1 Qb4 27. Nf4
Qd6 28. Qe3 Rb4 29. Kf2 Qb6 30. Nc3 Bc6 31. Nd3 Rb3 32. Nc5 Rxb2 33. N3xa4 Bxa4
34. Nxa4 Rxd2+ 35. Qxd2 Qa7 36. Nc3 e5 37. Ne2 Qb6 38. Qe3 exd4 39. Nxd4 Qb2+
40. Ne2 Qc2 41. g4 Qc7 42. Kg2 Qd7 43. Nf4 Kf8 44. Nd3 Nd5 45. Qc5+ Kg8 46. Kf2
Qe6 47. h4 f6 48. Kg3 Kh7 49. Qd4 Kh8 50. h5 Qc6 51. Qe4 Qd6+ 52. Kg2 Qc6 53.
Kh3 Kg8 54. Ne1 Kf8 55. Ng2 Qd6 56. Nh4 Qc6 57. Nf5 Kf7 58. Kh4 Qc5 59. Kh3 Qc6
60. Qd4 Ne7 61. Nd6+ Ke6 62. Ne4 Nd5 63. Nc5+ Kd6 64. Nd3 Ke7 65. Kg3 Qd6+ 66.
Nf4 Nc7 67. Qc4 Ne8 68. Kh3 Kd7 69. Qb5+ Ke7 70. Qc4 Kd7 71. Nd5 Kd8 72. Qe4 Kd7
73. Ne3 Kd8 74. Nf5 Qd7 1-0

[Event "Bundesliga 2017-18"]
[Site "Bremen GER"]
[Date "2017.11.11"]
[Round "3.7"]
[Board "3"]
[White "Ernst, Sipke"]
[Black "Efimenko, Zahar"]
[Result "1/2-1/2"]
[WhiteTitle "GM"]
[BlackTitle "GM"]
[WhiteElo "2548"]
[BlackElo "2636"]
[WhiteTeam "Hamburger SK"]
[BlackTeam "SV Werder Bremen"]
[WhiteFideId "1004689"]
[BlackFideId "14107201"]
[EventDate "2017.10.21"]
[EventType "team"]

1. d4 d6 2. c4 e5 3. e3 Be7 4. Nc3 f5 5. g3 Nf6 6. Bg2 O-O 7. Nge2 Na6 8. O-O c6
9. b3 e4 10. d5 Nc5 11. f3 cxd5 12. cxd5 exf3 13. Bxf3 Bd7 14. Nd4 Rc8 15. Nce2
Qb6 16. a4 a5 17. Nf4 Nfe4 18. Bb2 Bf6 19. Nfe6 Bxe6 20. dxe6 Rce8 21. Be2 Nxe6
22. Bc4 Nc5 23. Rxf5 Kh8 24. Qg4 Nxd4 25. Bxd4 Bxd4 26. Rxf8+ Rxf8 27. Qxd4 Qd8
28. Rf1 Rxf1+ 1/2-1/2

[Event "Bundesliga 2017-18"]
[Site "Bremen GER"]
[Date "2017.11.11"]
[Round "3.8"]
[Board "2"]
[White "Tregubov, Pavel V."]
[Black "Ostrovskiy, Andrey"]
[Result "1-0"]
[WhiteTitle "GM"]
[BlackTitle "IM"]
[WhiteElo "2589"]
[BlackElo "2444"]
[WhiteTeam "SV Muelheim Nord"]
[BlackTeam "SK Norderstedt 1975"]
[WhiteFideId "4115341"]
[BlackFideId "14110326"]
[EventDate "2017.10.21"]
[EventType "team"]

1. d4 Nf6 2. c4 e6 3. Nc3 Bb4 4. e3 b6 5. Ne2 Ne4 6. Qc2 Bb7 7. a3 Bxc3+ 8. Nxc3
Nxc3 9. Qxc3 Qh4 10. b4 O-O 11. Bb2 Be4 12. Ke2 d5 13. f3 Bg6 14. g3 Qe7 15.
cxd5 exd5 16. Kf2 c6 17. Be2 Nd7 18. Rac1 Rfe8 19. Rhe1 b5 20. Bf1 Rac8 21. e4
dxe4 22. d5 f6 23. dxc6 Ne5 24. c7 Qd7 25. fxe4 Bh5 26. Qb3+ Bf7 27. Qd1 Qxd1
28. Rexd1 Nc4 29. Bxc4 bxc4 30. Rd7 Be6 31. Rd6 Rxc7 32. Bd4 Bf7 33. Ra6 Ree7
34. Bc5 Red7 35. Rc3 h6 36. Ke3 Kh7 37. g4 Kg8 38. h4 Kh7 39. Kf4 Kg8 40. g5
hxg5+ 41. hxg5 fxg5+ 42. Kxg5 Rc8 43. Kf4 Be8 44. Rxa7 Rxa7 45. Bxa7 Bb5 46. Bc5
Re8 47. e5 Kf7 48. Ke4 Ke6 49. Rg3 c3 50. Rxc3 Rh8 51. Bf2 Rh2 52. Bg3 Re2+ 53.
Kd4 Rd2+ 54. Kc5 Rd5+ 55. Kb6 Ba4 56. Bh2 Rd2 57. Bf4 Rd4 58. Bh2 Rd2 59. Rh3
Rd8 60. Rg3 Rh8 61. Rg2 Rb8+ 62. Kc7 Rh8 63. Bg3 Rh3 64. Kb6 Rh8 65. Bf2 Kxe5
66. Rxg7 Rh3 67. Bg3+ Kd5 68. Ka5 Bb3 69. b5 Rh5 70. Kb4 Bc2 71. b6 Kc6 72. Rc7+
Kxb6 73. Rxc2 Rb5+ 74. Ka4 1-0

[Event "Bundesliga 2017-18"]
[Site "Munich GER"]
[Date "2017.11.12"]
[Round "4.4"]
[Board "3"]
[White "Bromberger, Stefan"]
[Black "Horvath, Adam1"]
[Result "0-1"]
[WhiteTitle "GM"]
[BlackTitle "GM"]
[WhiteElo "2505"]
[BlackElo "2459"]
[WhiteTeam "MSA Zugzwang 82"]
[BlackTeam "SG Speyer-Schwegenheim"]
[WhiteFideId "4635248"]
[BlackFideId "708003"]
[EventDate "2017.10.21"]
[EventType "team"]

1. e4 c5 2. Nf3 e6 3. d4 cxd4 4. Nxd4 Nc6 5. Nc3 Qc7 6. Be3 a6 7. Qf3 Ne5 8. Qg3
h5 9. O-O-O h4 10. Qh3 b5 11. f4 Nc4 12. Bxc4 Qxc4 13. f5 Bb7 14. Nf3 Qc7 15.
Ng5 e5 16. Nd5 Bxd5 17. Rxd5 Rc8 18. Rd2 f6 19. Nf3 Bb4 20. c3 Bxc3 21. bxc3
Qxc3+ 22. Kb1 Rc4 23. Bc5 Rxc5 24. Qg4 Rc4 25. Rb2 Qd3+ 26. Ka1 Kf8 27. Nxh4 Ne7
28. Re1 Kf7 29. Rb3 Qd4+ 30. Kb1 Qd2 31. Nf3 Qc2+ 32. Ka1 Ra4 33. Rb2 Qc3 34.
Re2 Rb4 35. Rc2 Rxh2 0-1

[Event "Bundesliga 2017-18"]
[Site "Hamburg GER"]
[Date "2017.12.09"]
[Round "5.1"]
[Board "4"]
[White "Hansen, Sune Berg"]
[Black "Bok, Benjamin"]
[Result "1/2-1/2"]
[WhiteTitle "GM"]
[BlackTitle "GM"]
[WhiteElo "2580"]
[BlackElo "2611"]
[WhiteTeam "Hamburger SK"]
[BlackTeam "SG Solingen"]
[WhiteFideId "1400266"]
[BlackFideId "1017063"]
[EventDate "2017.10.21"]
[EventType "team"]

1. e4 c5 2. Nf3 d6 3. Bb5+ Nd7 4. a4 Nf6 5. Nc3 a6 6. Bc4 g6 7. a5 e6 8. d3 Bg7
9. O-O O-O 10. Re1 b5 11. axb6 Qxb6 12. Bb3 Bb7 13. h3 d5 14. e5 Ne8 15. Ba4 Bc6
16. Bg5 Nc7 17. Bxc6 Qxc6 18. Qd2 Nb5 19. Bh6 Nd4 20. Nxd4 Bxh6 21. Qxh6 cxd4
22. Ne2 Nxe5 23. Nxd4 Qb6 24. Ra4 Nd7 25. b3 Rfc8 26. Re3 Qc5 27. Qh4 e5 28. Nf3
Qxc2 29. Nxe5 Nxe5 30. Rxe5 Qxd3 31. Rf4 Ra7 32. Rf3 Qd1+ 33. Kh2 Rd7 34. Qf6 a5
35. h4 Qc1 36. Rfe3 Rdd8 37. Re7 Rf8 38. h5 Qc6 39. R3e6 Qxe6 40. Rxe6 fxe6 41.
Qxe6+ Kg7 42. Qxd5 gxh5 43. Qg5+ Kh8 44. Qxa5 Rf6 45. Qxh5 Rcc6 46. Qe5 Kg8 47.
f4 Rb6 48. f5 Rf7 49. Qd5 Rf6 50. g4 h5 51. Kg3 hxg4 52. Kxg4 Ra6 53. Kf4 Ra1
54. Qd8+ Kh7 55. Qh4+ Kg8 56. Qg5+ Kh8 57. f6 Raa7 58. Qh5+ Kg8 59. Qg5+ Kf8 60.
Qf5 Rac7 61. Kg5 Rc6 62. Qe5 Rb7 63. Qh2 Kg8 64. Qg2 Rg7+ 65. fxg7 Rg6+ 66. Kxg6 1/2-1/2

[Event "Bundesliga 2017-18"]
[Site "Hamburg GER"]
[Date "2017.12.09"]
[Round "5.2"]
[Board "8"]
[White "Bohnsack, Ralf"]
[Black "Braun, Christian2"]
[Result "0-1"]
[BlackTitle "IM"]
[WhiteElo "2153"]
[BlackElo "2369"]
[WhiteTeam "SK Norderstedt 1975"]
[BlackTeam "DJK Aufwaerts Aachen"]
[WhiteFideId "4614232"]
[BlackFideId "4692098"]
[EventDate "2017.10.21"]
[EventType "team"]

1. d4 g6 2. c4 Bg7 3. Nf3 d6 4. Nc3 Nc6 5. g3 Bg4 6. Be3 Qd7 7. Bg2 e5 8. dxe5
dxe5 9. O-O Nge7 10. Qa4 Nd4 11. Qxd7+ Bxd7 12. Bxd4 exd4 13. Nb5 O-O 14. Nbxd4
c5 15. Nb5 Bxb2 16. Rad1 Bc6 17. Ng5 h6 18. Rd2 Be5 19. Ne4 a6 20. Na3 b6 21. e3
Rad8 22. f4 Rxd2 23. Nxd2 Rd8 24. Ne4 Bb2 25. Nc2 f5 26. Nf2 Bxg2 27. Kxg2 Rd2
28. Ne1 Bc3 29. Nd3 Rxa2 30. Rb1 Ba5 31. Ne5 Rd2 32. Kf3 Rd6 33. Rb3 Bb4 34. g4
a5 35. gxf5 gxf5 36. Nfd3 Nc6 37. Rb2 Nxe5+ 38. Nxe5 Bc3 39. Rg2+ Kf8 40. e4 a4
41. Ra2 Bxe5 42. fxe5 Rd3+ 43. Kf4 fxe4 44. Rxa4 e3 45. Kf3 Ke7 46. Ra7+ Ke6 47.
Rh7 e2+ 48. Kxe2 Rh3 49. Rb7 Kxe5 50. Rxb6 Kd4 0-1

[Event "Bundesliga 2017-18"]
[Site "Hockenheim GER"]
[Date "2017.12.09"]
[Round "5.7"]
[Board "4"]
[White "Ginsburg, Gennadi"]
[Black "Johansson, Linus"]
[Result "1-0"]
[WhiteTitle "GM"]
[BlackTitle "IM"]
[WhiteElo "2443"]
[BlackElo "2468"]
[WhiteTeam "SV 1920 Hofheim"]
[BlackTeam "FC Bayern Muenchen"]
[WhiteFideId "4630629"]
[BlackFideId "1711113"]
[EventDate "2017.10.21"]
[EventType "team"]

1. e4 e6 2. d4 d5 3. Nc3 Bb4 4. exd5 exd5 5. Bd3 Nc6 6. Ne2 Nf6 7. a3 Be7 8. Bf4
a6 9. f3 b5 10. O-O Na5 11. Qc1 O-O 12. Kh1 Nh5 13. Be3 Nc4 14. Bf2 Bg5 15. f4
Bh4 16. b3 Bxf2 17. Rxf2 Nf6 18. bxc4 bxc4 19. Bxh7+ Kxh7 20. f5 Re8 21. Qf4 Ne4
22. Rf3 Rb8 23. Raf1 Rb6 24. g4 Bb7 25. Re3 Qd6 26. Qxd6 cxd6 27. Kg1 Bc6 28.
Nxe4 Rxe4 29. Rxe4 dxe4 30. Nc3 Rb2 31. d5 Ba8 32. Rc1 Kh6 33. Kf2 g6 34. fxg6
Kxg6 35. Ke3 Rb8 36. h4 Rh8 37. h5+ Kg5 38. Nxe4+ Kxg4 39. Rg1+ Kf5 40. Rg5# 1-0

[Event "Bundesliga 2017-18"]
[Site "Hockenheim GER"]
[Date "2017.12.09"]
[Round "5.8"]
[Board "4"]
[White "Baramidze, David"]
[Black "Zysk, Robert"]
[Result "1-0"]
[WhiteTitle "GM"]
[BlackTitle "IM"]
[WhiteElo "2610"]
[BlackElo "2400"]
[WhiteTeam "SV 1930 Hockenheim"]
[BlackTeam "MSA Zugzwang 82"]
[WhiteFideId "4667719"]
[BlackFideId "4600410"]
[EventDate "2017.10.21"]
[EventType "team"]

1. d4 e6 2. Nf3 Nf6 3. e3 b6 4. Bd3 Bb7 5. O-O d5 6. Nbd2 Nbd7 7. b3 Bd6 8. Bb2
Ne4 9. c4 O-O 10. Qc2 f5 11. Rfd1 Ndf6 12. cxd5 Bxd5 13. h3 Qc8 14. Nc4 Qb7 15.
Nfe5 Rad8 16. Rac1 Kh8 17. f3 Ng5 18. Qf2 Kg8 19. Qg3 Nf7 20. Nxd6 cxd6 21. Nxf7
Rxf7 22. Ba3 Qe7 23. Rc2 Nh5 24. Qf2 Be4 25. Rcc1 Bxd3 26. Rxd3 Qb7 27. Rdc3 Qa6
28. Bb4 Qb5 29. Rc4 Nf6 30. Qg3 Rfd7 31. Kh2 Nd5 32. a4 Qa6 33. Bd2 Qb7 34. e4
fxe4 35. Bg5 Ne7 36. Qg4 d5 37. Qxe6+ Kh8 38. R4c3 Rf8 39. Bxe7 Rxe7 40. Rc8 Rf7
41. fxe4 dxe4 42. d5 h6 43. d6 Rxc8 44. Rxc8+ Kh7 45. h4 Qd7 46. Qxe4+ Rf5 47.
g4 1-0

[Event "Bundesliga 2017-18"]
[Site "Hamburg GER"]
[Date "2017.12.10"]
[Round "6.1"]
[Board "3"]
[White "Parvanyan, Ashot"]
[Black "Van Wely, Loek"]
[Result "1/2-1/2"]
[WhiteTitle "FM"]
[BlackTitle "GM"]
[WhiteElo "2374"]
[BlackElo "2663"]
[WhiteTeam "SK Norderstedt 1975"]
[BlackTeam "SG Solingen"]
[WhiteFideId "13307550"]
[BlackFideId "1000268"]
[EventDate "2017.10.21"]
[EventType "team"]

1. Nf3 d5 2. g3 c6 3. Bg2 Bg4 4. c4 e6 5. O-O Nd7 6. cxd5 exd5 7. d3 Ngf6 8. Nc3
Bd6 9. Qc2 O-O 10. e4 dxe4 11. dxe4 Re8 12. Be3 Ne5 13. Nxe5 Bxe5 14. Na4 Qc8
15. f4 Bc7 16. Rae1 Bh3 17. Bd4 Bxg2 18. Kxg2 Qd8 19. Bxf6 gxf6 20. Nc5 Bb6 21.
Na4 Qd4 22. Nc3 Rad8 23. Rd1 Qc4 24. Qb3 Qxb3 25. axb3 Bd4 26. Kf3 b5 27. Rfe1
a5 28. Nd5 Bxb2 29. Ne7+ Kg7 30. Rxd8 Rxd8 31. Nxc6 Ra8 32. Rb1 Bc3 33. Ke2 f5
34. e5 f6 35. Kd3 b4 36. Kc4 fxe5 1/2-1/2

[Event "Bundesliga 2017-18"]
[Site "Hamburg GER"]
[Date "2017.12.10"]
[Round "6.1"]
[Board "4"]
[White "Bok, Benjamin"]
[Black "Powierski, Emil"]
[Result "1-0"]
[WhiteTitle "GM"]
[WhiteElo "2611"]
[BlackElo "2334"]
[WhiteTeam "SG Solingen"]
[BlackTeam "SK Norderstedt 1975"]
[WhiteFideId "1017063"]
[BlackFideId "4656199"]
[EventDate "2017.10.21"]
[EventType "team"]

1. Nf3 c5 2. c4 Nf6 3. Nc3 Nc6 4. g3 g6 5. Bg2 Bg7 6. d4 cxd4 7. Nxd4 O-O 8. O-O
Qa5 9. e3 d6 10. Bd2 Bg4 11. Qe1 Qh5 12. f3 Bd7 13. b3 Qc5 14. Na4 Qe5 15. Bc3
Nxd4 16. Bxd4 Qe6 17. Nc3 d5 18. c5 b6 19. cxb6 axb6 20. a4 Qd6 21. f4 e6 22.
Qd2 Qb4 23. Rfd1 Rac8 24. Bxf6 Rxc3 25. Qxc3 Qxc3 26. Bxc3 Bxc3 27. Rac1 Bb4 28.
e4 Bc5+ 29. Kh1 d4 30. e5 Bc8 31. b4 Bxb4 32. Rxd4 Bc5 33. Rdd1 h5 34. Be4 h4
35. Kg2 Kg7 36. a5 Rh8 37. Rc2 1-0

[Event "Bundesliga 2017-18"]
[Site "Hockenheim GER"]
[Date "2017.12.10"]
[Round "6.8"]
[Board "7"]
[White "Boguslawski, Oleg"]
[Black "Rafiee, Makan"]
[Result "0-1"]
[WhiteTitle "IM"]
[BlackTitle "FM"]
[WhiteElo "2405"]
[BlackElo "2322"]
[WhiteTeam "SV 1930 Hockenheim"]
[BlackTeam "FC Bayern Muenchen"]
[WhiteFideId "14113929"]
[BlackFideId "24609340"]
[EventDate "2017.10.21"]
[EventType "team"]

1. e4 e5 2. Nf3 Nc6 3. Bb5 a6 4. Ba4 Nf6 5. d3 b5 6. Bb3 Bc5 7. Nc3 h6 8. Nd5 d6
9. c3 Be6 10. O-O Bxd5 11. exd5 Ne7 12. d4 exd4 13. Nxd4 Qd7 14. Qf3 Bxd4 15.
cxd4 Qf5 16. Qe2 Nxd5 17. a4 b4 18. Bc4 a5 19. Bb5+ Kf8 20. Bd2 g6 21. Rad1 Kg7
22. Bc1 c6 23. Bc4 Rae8 24. Rd3 Qf6 25. Qd1 Nf5 26. Rf3 Re4 27. Bd3 Rxd4 28. Qc2
Nde7 29. b3 Qh4 30. Bxf5 Nxf5 31. Qxc6 Qe4 32. Qb6 Rc8 33. Bb2 Rc5 34. Rxf5 gxf5
35. Rd1 Kh7 36. Bxd4 Qxd4 37. Rf1 Qd5 38. h3 Qxb3 39. Qxd6 Qd5 40. Qf6 Rc6 41.
Qb2 Rg6 42. f4 Qd3 43. h4 Re6 44. Rf3 Qe2 45. Qd4 Qe1+ 46. Kh2 Qxh4+ 47. Rh3 Re4
48. Qd5 Qxf4+ 49. Rg3 Qh4+ 50. Rh3 Qf6 0-1

[Event "Bundesliga 2017-18"]
[Site "Munich GER"]
[Date "2018.02.03"]
[Round "7.1"]
[Board "7"]
[White "Zeller, Frank"]
[Black "Rafiee, Makan"]
[Result "1-0"]
[WhiteTitle "IM"]
[BlackTitle "FM"]
[WhiteElo "2371"]
[BlackElo "2322"]
[WhiteTeam "SK Schwaebisch Hall"]
[BlackTeam "FC Bayern Muenchen"]
[WhiteFideId "4613007"]
[BlackFideId "24609340"]
[EventDate "2017.10.21"]
[EventType "team"]

1. d4 Nf6 2. c4 e6 3. Nc3 Bb4 4. e3 b6 5. Bd3 Bb7 6. Ne2 O-O 7. a3 Be7 8. e4 d5
9. cxd5 exd5 10. e5 Ne4 11. Qc2 f5 12. Nf4 Nxc3 13. bxc3 Bc8 14. c4 dxc4 15.
Bxc4+ Kh8 16. Bb2 Qe8 17. h4 Ba6 18. Rc1 Qc6 19. Bd5 Qh6 20. g3 c6 21. Bf3 Bb5
22. h5 Bg5 23. Ng6+ hxg6 24. hxg6 Bxc1 25. Bxc1 Qxh1+ 26. Bxh1 1-0